000 00232nam a2200097Ia 4500
008 240331s9999 xx 000 0 und d
082 _bWOM
100 _aKumar, N. ed
245 0 _aWomen as subjects :
_bSouth Asian histories
942 _cL
999 _c1850
_d1850